000 00641nam a2200121Ia 4500
008 220616s9999||||xx |||||||||||||| ||und||
100 _aAhmed, Anya||Ackers-Johnson, James||Ackers, Helen Louise
245 4 _aThe Ethics of Educational Healthcare Placements in Low and Middle Income Countries
_bFirst Do No Harm?
546 _aEnglish[eng]
650 _aeducation||policy||poverty||aid||development||Africa
856 _uhttps://library.oapen.org/bitstream/20.500.12657/27907/1/1002092.pdf||https://library.oapen.org/bitstream/20.500.12657/27907/1/1002092.pdf||https://library.oapen.org/bitstream/20.500.12657/27907/1/1002092.pdf
942 _cEB
999 _c20413
_d20413